[Event "Europa ch s-14"]
[Site "Herceg Novi MNT"]
[Date "2008.09.16"]
[Round "2.2"]
[White "Kovalev, Vladislav"]
[Black "Savoisky, Danny"]
[Result "1-0"]
[WhiteElo "2315"]
[BlackElo "2085"]
[PlyCount "51"]
[EventDate "2008.09.15"]
[EventType "swiss"]
[EventRounds "9"]
[Source "lmi"]
[SourceDate "2008.09.15"]

1. e4 c5 2. Nf3 Nc6 3. Nc3 e5 4. Bc4 Be7 5. d3 Nf6 6. Nd2 d6 7. Nf1 Be6 8. Ne3
Qd7 9. a4 O-O 10. O-O Nb4 11. Qe2 Rad8 12. Bd2 Qc7 13. Rae1 a6 14. f4 exf4 15.
Rxf4 Rfe8 16. Qf3 Qc8 17. Rf1 Nc6 18. Ncd5 Ne5 19. Qf2 Nh5 20. Nf5 Bg5 21. Rh4
Bxh4 22. Qxh4 Qd7 23. Qxh5 b5 24. Qg5 Ng6 25. Nf6+ gxf6 26. Qxf6 1-0

[Event "Europa ch s-14"]
[Site "Herceg Novi MNT"]
[Date "2008.09.16"]
[Round "2.3"]
[White "Kezin, Roman"]
[Black "Gabuzyan, Hovhannes"]
[Result "1/2-1/2"]
[WhiteElo "2235"]
[BlackElo "2079"]
[PlyCount "100"]
[EventDate "2008.09.15"]
[EventType "swiss"]
[EventRounds "9"]
[Source "lmi"]
[SourceDate "2008.09.15"]

1. d4 c5 2. d5 e6 3. e4 exd5 4. exd5 d6 5. Be2 g6 6. Nf3 Bg7 7. O-O Nf6 8. Nc3
O-O 9. a4 Na6 10. Nd2 Nb4 11. Nc4 Re8 12. Bf3 Bf5 13. Ne3 Rxe3 14. fxe3 Bxc2
15. Qd2 Nd7 16. Na2 Nxa2 17. Rxa2 Bb3 18. Ra3 Bc4 19. Be2 Bxe2 20. Qxe2 Qe7 21.
Qb5 Nf6 22. Rd3 Ne4 23. Qc4 f5 24. Rdd1 Be5 25. Qe2 Re8 26. Qf3 Qg7 27. b3 Rf8
28. Bd2 Qh6 29. g3 g5 30. Qe2 g4 31. b4 Bc3 32. bxc5 Bxd2 33. Rxd2 Nxc5 34. Rd4
Ne4 35. Rxe4 fxe4 36. Qxg4+ Qg6 37. Rxf8+ Kxf8 38. Qc8+ Qe8 39. Qxb7 Qxa4 40.
Qb8+ Kg7 41. Qc7+ Kg8 42. Qc8+ Kg7 43. Qg4+ Kf8 44. Qf5+ Kg7 45. Kg2 Qd1 46.
Qd7+ Kg8 47. Qd8+ Kf7 48. Qc7+ Kg8 49. Qb8+ Kg7 50. Qxa7+ Kg6 1/2-1/2

[Event "Europa ch s-14"]
[Site "Herceg Novi MNT"]
[Date "2008.09.16"]
[Round "2.4"]
[White "Bulatovic, Nikola"]
[Black "Wieczorek, Oskar"]
[Result "0-1"]
[WhiteElo "2089"]
[BlackElo "2232"]
[PlyCount "140"]
[EventDate "2008.09.15"]
[EventType "swiss"]
[EventRounds "9"]
[Source "lmi"]
[SourceDate "2008.09.15"]

1. e4 c5 2. Nf3 d6 3. d4 cxd4 4. Nxd4 Nf6 5. Nc3 Nc6 6. Be2 e6 7. Be3 Be7 8.
Qd2 a6 9. a4 Bd7 10. Nb3 Na5 11. Nxa5 Qxa5 12. O-O Bc6 13. f3 Rc8 14. Rfb1 Qc7
15. b4 O-O 16. Rb3 d5 17. b5 axb5 18. axb5 Bd7 19. exd5 Nxd5 20. Nxd5 exd5 21.
c3 Bd6 22. g3 Rfe8 23. Kh1 Bc5 24. Bf4 Qb6 25. c4 Qe6 26. Rb2 dxc4 27. Rd1 Red8
28. Qc2 Ba3 29. Ra2 Be7 30. Qa4 g5 31. Bc1 Qf5 32. Qa7 Bxb5 33. Qxb7 Rxd1+ 34.
Bxd1 Rd8 35. Be2 Qd7 36. Qxd7 Rxd7 37. Rc2 Rc7 38. Bd2 Kg7 39. Kg2 Kf6 40. Kf2
Ke6 41. f4 h6 42. Be3 Bf6 43. Bb6 Rc6 44. Be3 Rc7 45. Bg4+ Ke7 46. Be2 Kd6 47.
Bf1 Kd5 48. Bg2+ Ke6 49. Bb6 Re7 50. Bf1 Rb7 51. Be3 c3 52. fxg5 Bxf1 53. Kxf1
Rb2 54. Re2 hxg5 55. Bc1+ Rxe2 56. Kxe2 Kf5 57. Kf3 g4+ 58. Ke2 Ke4 59. Bf4 Bd4
60. Bh6 f5 61. Bg5 Bg1 62. Bf6 c2 63. Bg5 Bxh2 64. Kf2 Kd3 65. Bc1 Bxg3+ 66.
Kxg3 Ke2 67. Kf4 Kd1 68. Ba3 c1=Q+ 69. Bxc1 Kxc1 70. Kxf5 g3 0-1

[Event "Europa ch s-14"]
[Site "Herceg Novi MNT"]
[Date "2008.09.16"]
[Round "2.5"]
[White "Moiseenko, Vadim"]
[Black "Musialkiewicz, Jan"]
[Result "1/2-1/2"]
[WhiteElo "2225"]
[BlackElo "2061"]
[PlyCount "59"]
[EventDate "2008.09.15"]
[EventType "swiss"]
[EventRounds "9"]
[Source "lmi"]
[SourceDate "2008.09.15"]

1. d4 d5 2. Nf3 c6 3. c4 Nf6 4. Nc3 a6 5. a4 e6 6. Bg5 Be7 7. e3 a5 8. Bd3 Na6
9. cxd5 exd5 10. h3 Nb4 11. Bb1 Ne4 12. Bf4 Bf5 13. O-O g5 14. Bh2 h5 15. Nd2
Nxd2 16. Qxd2 Bxb1 17. Raxb1 g4 18. h4 Bxh4 19. e4 O-O 20. Rbe1 Bg5 21. Qd1 f5
22. exd5 Nxd5 23. Qb3 Qb6 24. Qa2 Rad8 25. Re6 Rf6 26. Re7 Qb4 27. Rfe1 Rf7 28.
Re8+ Kh7 29. Rxd8 Bxd8 30. Be5 1/2-1/2

[Event "Europa ch s-14"]
[Site "Herceg Novi MNT"]
[Date "2008.09.16"]
[Round "2.6"]
[White "Lortkipanidze, Nodar"]
[Black "Sochacki, Christophe"]
[Result "0-1"]
[WhiteElo "2080"]
[BlackElo "2221"]
[PlyCount "90"]
[EventDate "2008.09.15"]
[EventType "swiss"]
[EventRounds "9"]
[Source "lmi"]
[SourceDate "2008.09.15"]

1. e4 c5 2. c3 Nf6 3. e5 Nd5 4. d4 cxd4 5. cxd4 Nc6 6. Nc3 Nxc3 7. bxc3 d6 8.
f4 d5 9. Bd3 g6 10. Nf3 Bf5 11. O-O e6 12. Rb1 Rb8 13. Be3 Be7 14. h3 Qa5 15.
g4 Bxd3 16. Qxd3 Qxa2 17. f5 gxf5 18. Nd2 Qa6 19. Qxa6 bxa6 20. gxf5 Rxb1 21.
Rxb1 exf5 22. c4 Rg8+ 23. Kf1 Nb4 24. cxd5 Nxd5 25. Rb8+ Bd8 26. Bf2 Kd7 27.
Nc4 Kc7 28. Rb1 Be7 29. Re1 Kd7 30. Ra1 Rc8 31. Ne3 Nxe3+ 32. Bxe3 Rc3 33. Ke2
Ra3 34. Rb1 Kc6 35. Rc1+ Kd5 36. Rc7 Bb4 37. Rxf7 Ke4 38. Bg5 h6 39. Bxh6 Rxh3
40. Bg5 Rh5 41. Be3 Rh3 42. Bg5 Rh2+ 43. Kf1 Rh5 44. e6 Rxg5 45. e7 Rg8 0-1

[Event "Europa ch s-14"]
[Site "Herceg Novi MNT"]
[Date "2008.09.16"]
[Round "2.7"]
[White "Bajarani, Ulvi"]
[Black "Skoulakis, Charalambos"]
[Result "1/2-1/2"]
[WhiteElo "2202"]
[BlackElo "2050"]
[PlyCount "75"]
[EventDate "2008.09.15"]
[EventType "swiss"]
[EventRounds "9"]
[Source "lmi"]
[SourceDate "2008.09.15"]

1. e4 c5 2. Nf3 e6 3. Nc3 Nc6 4. d4 cxd4 5. Nxd4 Qc7 6. g3 a6 7. Bg2 Nf6 8. O-O
Be7 9. Be3 O-O 10. g4 Ne5 11. h3 d6 12. f4 Nc4 13. Bc1 b5 14. e5 dxe5 15. fxe5
Nd5 16. Nxd5 exd5 17. Bxd5 Bb7 18. Bxb7 Qxb7 19. Qf3 Qb6 20. Be3 Bc5 21. c3
Nxe5 22. Qf2 Nc4 23. b4 Bd6 24. Rae1 Qc7 25. Nf5 Be5 26. Bd4 f6 27. Rd1 Rad8
28. Bxe5 Nxe5 29. Qc5 Qf7 30. Ne7+ Kh8 31. Rxd8 Rxd8 32. Qxe5 Re8 33. Qd6 Qxe7
34. Qxe7 Rxe7 35. Kf2 Rc7 36. Re1 h5 37. Re3 hxg4 38. hxg4 1/2-1/2

[Event "Europa ch s-14"]
[Site "Herceg Novi MNT"]
[Date "2008.09.16"]
[Round "2.8"]
[White "Doros, Radu Marian"]
[Black "Tilicheev, Viacheslav"]
[Result "1-0"]
[WhiteElo "2051"]
[BlackElo "2189"]
[PlyCount "61"]
[EventDate "2008.09.15"]
[EventType "swiss"]
[EventRounds "9"]
[Source "lmi"]
[SourceDate "2008.09.15"]

1. e4 e5 2. Bc4 Nf6 3. d3 Be7 4. Nc3 c6 5. f4 d5 6. exd5 exf4 7. dxc6 Nxc6 8.
Bxf4 O-O 9. Qd2 Na5 10. Bb3 Nxb3 11. axb3 Bb4 12. Nge2 Bg4 13. O-O Re8 14. Ng3
Qd4+ 15. Kh1 Nd5 16. Ra4 Nb6 17. Raa1 Rac8 18. Qf2 Qd7 19. h3 Be6 20. Nh5 Bc5
21. Qg3 Bd4 22. Ne4 Kh8 23. c3 f5 24. cxd4 fxe4 25. Be5 Re7 26. dxe4 a6 27.
Rac1 Rxc1 28. Rxc1 Rf7 29. Rc7 Qe8 30. Nxg7 Rf1+ 31. Kh2 1-0

[Event "Europa ch s-14"]
[Site "Herceg Novi MNT"]
[Date "2008.09.16"]
[Round "2.9"]
[White "Pasiev, Rakhim"]
[Black "Grib, Roman"]
[Result "0-1"]
[WhiteElo "2178"]
[BlackElo "2033"]
[PlyCount "106"]
[EventDate "2008.09.15"]
[EventType "swiss"]
[EventRounds "9"]
[Source "lmi"]
[SourceDate "2008.09.15"]

1. e4 c5 2. Nf3 d6 3. d4 Nf6 4. Nc3 cxd4 5. Nxd4 g6 6. Be3 Bg7 7. Be2 O-O 8.
O-O Nc6 9. Nb3 Bd7 10. f4 Rc8 11. Bf3 a6 12. a4 Be6 13. Nd5 Nd7 14. c3 Bxd5 15.
Qxd5 Nb6 16. Qd3 Nb8 17. Nd2 Qc7 18. Bg4 e6 19. f5 exf5 20. exf5 N6d7 21. Ne4
Ne5 22. Qe2 Qc4 23. f6 Nxg4 24. Qxg4 Rfe8 25. Bd4 Bf8 26. Ng5 Nc6 27. Qh3 h6
28. Nf3 Nxd4 29. Nxd4 d5 30. Rf4 Qc7 31. Raf1 Qe5 32. R4f3 Rc4 33. Rg3 Kh7 34.
Nf3 Qe3+ 35. Kh1 Qe2 36. Rg1 Rc7 37. Rg4 Rc6 38. Nd4 Qf2 39. Nf3 Rxf6 40. Rd4
Bc5 41. Rdd1 Qxb2 42. Rgf1 Kg7 43. Rxd5 Qxc3 44. Qd7 Re1 45. Rd1 Rxd1 46. Qxd1
b5 47. axb5 axb5 48. Qb1 b4 49. Rc1 Rxf3 50. Rxc3 Rxc3 51. g3 b3 52. Qe4 Re3
53. Qb7 Bd4 0-1

[Event "Europa ch s-14"]
[Site "Herceg Novi MNT"]
[Date "2008.09.16"]
[Round "2.10"]
[White "Schreiner, Till"]
[Black "Meskovs, Nikita"]
[Result "1-0"]
[WhiteElo "2041"]
[BlackElo "2177"]
[PlyCount "109"]
[EventDate "2008.09.15"]
[EventType "swiss"]
[EventRounds "9"]
[Source "lmi"]
[SourceDate "2008.09.15"]

1. d4 Nf6 2. c4 c5 3. d5 b5 4. Nf3 bxc4 5. Nc3 g6 6. e4 d6 7. Bxc4 Bg7 8. h3
O-O 9. O-O Nbd7 10. Qe2 Rb8 11. Be3 Ne8 12. Bd3 Qa5 13. Rab1 Nc7 14. Rfe1 Ba6
15. Bxa6 Qxa6 16. Qxa6 Nxa6 17. Nd2 Ne5 18. Red1 Nd3 19. Na4 Nxb2 20. Nxb2 Bxb2
21. Nc4 Bc3 22. Rbc1 Bg7 23. f3 Rb4 24. Na5 Nb8 25. Rb1 Bc3 26. Rxb4 Bxb4 27.
Nc4 Nd7 28. a3 Bc3 29. Rc1 Bf6 30. Rb1 Nb6 31. Na5 Rc8 32. Nc6 Rc7 33. Bh6 Bg7
34. Be3 h5 35. Bg5 Bd4+ 36. Kh1 f6 37. Bd2 e5 38. Ba5 c4 39. Rc1 Bb2 40. Bxb6
Rb7 41. Rxc4 Rxb6 42. Ne7+ Kf7 43. Rc7 Ke8 44. Nxg6 Bxa3 45. Rxa7 Bc1 46. Nh4
Rb1 47. Kh2 Rb2 48. Nf5 Bf4+ 49. Kg1 h4 50. Ng7+ Kf8 51. Ne6+ Ke8 52. Nxf4 exf4
53. Rh7 Rb1+ 54. Kh2 Kf8 55. Rxh4 1-0

[Event "Europa ch s-14"]
[Site "Herceg Novi MNT"]
[Date "2008.09.16"]
[Round "2.11"]
[White "Juhasz, Kristof"]
[Black "Emiroglu, Cankut"]
[Result "1/2-1/2"]
[WhiteElo "2175"]
[BlackElo "2028"]
[PlyCount "35"]
[EventDate "2008.09.15"]
[EventType "swiss"]
[EventRounds "9"]
[Source "lmi"]
[SourceDate "2008.09.15"]

1. Nf3 Nf6 2. c4 c5 3. Nc3 d5 4. cxd5 Nxd5 5. d4 cxd4 6. Qxd4 Nxc3 7. Qxc3 Nc6
8. e4 e6 9. a3 Bd7 10. Be2 Rc8 11. O-O Na5 12. Qe5 Nb3 13. Rb1 Qf6 14. Qg3 Qg6
15. Be3 Qxg3 16. hxg3 Bc5 17. Bxc5 Nxc5 18. Rfd1 1/2-1/2

[Event "Europa ch s-14"]
[Site "Herceg Novi MNT"]
[Date "2008.09.16"]
[Round "2.13"]
[White "Dicu, Razvan-Stefan"]
[Black "Feher, Adam"]
[Result "0-1"]
[WhiteElo "2023"]
[BlackElo "2160"]
[PlyCount "86"]
[EventDate "2008.09.15"]
[EventType "swiss"]
[EventRounds "9"]
[Source "lmi"]
[SourceDate "2008.09.15"]

1. e4 c5 2. c3 Nf6 3. e5 Nd5 4. d4 cxd4 5. cxd4 d6 6. Nf3 Nc6 7. Bc4 Nb6 8. Bb5
dxe5 9. Nxe5 Bd7 10. Nxd7 Qxd7 11. Nc3 e6 12. O-O Be7 13. Qg4 O-O 14. Rd1 Rfd8
15. Bh6 g6 16. Qe4 Bf6 17. Bf4 Nd5 18. Ne2 Rac8 19. Rac1 a6 20. Bxc6 Rxc6 21.
Be5 Rxc1 22. Rxc1 Qb5 23. b3 Qb4 24. Qc2 Kg7 25. g3 Qa5 26. a4 Qb4 27. Qc4 Qd2
28. Rc2 Qe1+ 29. Kg2 h5 30. Bxf6+ Nxf6 31. Qc7 Rd7 32. Qe5 Rd5 33. Qe3 Ng4 34.
Qf3 Qd1 35. Rc1 Qd2 36. Rc7 Rf5 37. Nf4 b5 38. axb5 axb5 39. h3 Nf6 40. Qa8 Nd5
41. Nxe6+ Kh7 42. Ng5+ Qxg5 43. Rc8 Qf6 0-1

[Event "Europa ch s-14"]
[Site "Herceg Novi MNT"]
[Date "2008.09.16"]
[Round "2.14"]
[White "Tallo Dominguez, Imar"]
[Black "Sarchisov, Slavik"]
[Result "1-0"]
[WhiteElo "2129"]
[BlackElo "2022"]
[PlyCount "61"]
[EventDate "2008.09.15"]
[EventType "swiss"]
[EventRounds "9"]
[Source "lmi"]
[SourceDate "2008.09.15"]

1. e4 c5 2. Nf3 d6 3. d4 cxd4 4. Nxd4 Nf6 5. Nc3 a6 6. g3 e5 7. Nb3 Be7 8. Bg2
O-O 9. a4 b6 10. O-O Bb7 11. Re1 Nbd7 12. Nd2 Rc8 13. Nf1 Qc7 14. Ne3 Rfe8 15.
f3 d5 16. exd5 Bb4 17. Bd2 Bxc3 18. Bxc3 Qc5 19. Kh1 Bxd5 20. Qe2 Bb7 21. Rad1
b5 22. axb5 axb5 23. Qd2 Nb6 24. Nf5 Nbd5 25. Qg5 Qf8 26. Bxe5 Rxe5 27. Rxe5
Rxc2 28. Rde1 Bc6 29. Nd4 h6 30. Qf5 Bd7 31. Qxc2 1-0

[Event "Europa ch s-14"]
[Site "Herceg Novi MNT"]
[Date "2008.09.16"]
[Round "2.15"]
[White "Andreev, Sasho"]
[Black "Hager, Joshua Aarash"]
[Result "1/2-1/2"]
[WhiteElo "2021"]
[BlackElo "2128"]
[PlyCount "86"]
[EventDate "2008.09.15"]
[EventType "swiss"]
[EventRounds "9"]
[Source "lmi"]
[SourceDate "2008.09.15"]

1. d4 Nf6 2. c4 e6 3. Nf3 c5 4. d5 d6 5. Nc3 exd5 6. cxd5 g6 7. Nd2 Bg7 8. e4
O-O 9. Be2 Na6 10. O-O Nc7 11. a4 Re8 12. Re1 b6 13. h3 Rb8 14. Bf1 Nh5 15. Nc4
Ba6 16. g4 Bxc4 17. Bxc4 Nf6 18. Bf4 a6 19. e5 dxe5 20. Bxe5 Rxe5 21. Rxe5 Nxg4
22. Re4 Nf6 23. d6 Nce8 24. Re2 Nxd6 25. Rd2 Nfe8 26. Bxa6 Qg5+ 27. Kf1 Bxc3
28. bxc3 Ne4 29. Rd3 N8d6 30. Rxd6 Qf4 31. Rd8+ Kg7 32. Ra2 Nxc3 33. Qd2 Qf3
34. Qxc3+ Qxc3 35. Rxb8 Qxh3+ 36. Ke1 Qe6+ 37. Re2 Qb3 38. Bb5 Qb1+ 39. Kd2
Qb2+ 40. Kd1 Qb1+ 41. Kd2 c4 42. Rc8 Qb2+ 43. Kd1 Qb1+ 1/2-1/2

[Event "Europa ch s-14"]
[Site "Herceg Novi MNT"]
[Date "2008.09.16"]
[Round "2.16"]
[White "Straka, Josef Jr"]
[Black "Eranyan, Khachatur"]
[Result "0-1"]
[WhiteElo "2122"]
[BlackElo "1963"]
[PlyCount "78"]
[EventDate "2008.09.15"]
[EventType "swiss"]
[EventRounds "9"]
[Source "lmi"]
[SourceDate "2008.09.15"]

1. d4 d5 2. c4 c6 3. Nf3 Nf6 4. e3 e6 5. Nbd2 Nbd7 6. Bd3 c5 7. O-O Be7 8. b3
b6 9. Bb2 Bb7 10. Rc1 O-O 11. Bb1 Rc8 12. Ne5 dxc4 13. Ndxc4 b5 14. Nxd7 Qxd7
15. Ne5 Qd5 16. Qf3 Qxf3 17. Nxf3 c4 18. a4 Bb4 19. bxc4 bxc4 20. Bc3 Bxc3 21.
Rxc3 Nd5 22. Ra3 c3 23. Rc1 Rc7 24. Be4 Rfc8 25. Ne5 c2 26. Bxd5 Bxd5 27. Kf1
Rb8 28. Raa1 Be4 29. Ke2 Rb1 30. Kd2 Rcb7 31. Raxb1 cxb1=N+ 32. Ke1 g6 33. f3
Bd5 34. e4 Ba2 35. Rc2 Bb3 36. Rb2 Nc3 37. Nd3 Nxa4 38. Rb1 Rb5 39. Nc1 Bc4 0-1

[Event "Europa ch s-14"]
[Site "Herceg Novi MNT"]
[Date "2008.09.16"]
[Round "2.17"]
[White "Ochsner, Bjorn Moller"]
[Black "Srbis, Jurica"]
[Result "0-1"]
[WhiteElo "1963"]
[BlackElo "2116"]
[PlyCount "113"]
[EventDate "2008.09.15"]
[EventType "swiss"]
[EventRounds "9"]
[Source "lmi"]
[SourceDate "2008.09.15"]

1. e4 c5 2. Nf3 g6 3. d4 cxd4 4. Nxd4 Nc6 5. c4 Nf6 6. Nc3 d6 7. Be2 Nxd4 8.
Qxd4 Bg7 9. O-O O-O 10. Qd1 Bd7 11. Be3 Bc6 12. f3 Nd7 13. Rc1 a5 14. b3 Nc5
15. Qd2 Qb6 16. Kh1 Qb4 17. Rc2 Rfc8 18. Bg5 Ne6 19. Bxe7 Nd4 20. Rb2 Re8 21.
Bg5 Ne6 22. Nd1 Nxg5 23. Qxg5 Bxb2 24. Nxb2 Qa3 25. Qf6 Qxa2 26. Bd1 Qa3 27. h3
Re6 28. Qd4 Qc5 29. Qc3 Qe5 30. Qd2 b5 31. Be2 b4 32. Bd3 Qc3 33. Qxc3 bxc3 34.
Nd1 Rb8 35. Bc2 a4 36. Nxc3 axb3 37. Rb1 Re7 38. Rxb3 Rxb3 39. Bxb3 Rb7 40. Bd1
Rb4 41. Be2 Rb2 42. Bf1 Rc2 43. Nd5 Bxd5 44. cxd5 g5 45. Bb5 Kg7 46. Bd7 Kf6
47. h4 gxh4 48. Kh2 Kg5 49. Bf5 h5 50. Bh3 Rc1 51. Bf5 Kf4 52. Bd7 f6 53. Be6
Ke3 54. Bf5 Rd1 55. Be6 Kf2 56. Bf5 Rd2 57. Kh3 0-1

[Event "Europa ch s-14"]
[Site "Herceg Novi MNT"]
[Date "2008.09.16"]
[Round "2.18"]
[White "Pecurica, Milos"]
[Black "Kotainy, Jens"]
[Result "0-1"]
[WhiteElo "1942"]
[BlackElo "2112"]
[PlyCount "86"]
[EventDate "2008.09.15"]
[EventType "swiss"]
[EventRounds "9"]
[Source "lmi"]
[SourceDate "2008.09.15"]

1. d4 Nf6 2. c4 c5 3. d5 e5 4. Nc3 d6 5. e4 Nbd7 6. Nge2 Be7 7. Ng3 O-O 8. Be2
Ne8 9. Be3 g6 10. Bh6 Ng7 11. Bg4 a6 12. a4 Rb8 13. Qd2 Nf6 14. Bxc8 Rxc8 15.
h4 Ng4 16. h5 Nxh6 17. hxg6 Bg5 18. gxh7+ Kh8 19. Qe2 Qf6 20. Kd1 Qf4 21. Kc2
f5 22. Nh5 Nxh5 23. Rxh5 fxe4 24. g3 Qf5 25. Nxe4 Nf7 26. Rah1 Qg6 27. Qg4 Kg7
28. Kd1 Be7 29. Qd7 Qxe4 30. Qxe7 Qf3+ 31. Kc1 Kh8 32. R1h2 b5 33. Qe6 Rce8 34.
Qg6 e4 35. Rf5 Ne5 36. Rxf8+ Rxf8 37. Qxd6 Nxc4 38. Qxc5 Qf6 39. Qb4 Rc8 40.
Kb1 Qd4 41. Ka2 Qxd5 42. Rh4 Nd2+ 43. Ka3 Nb1# 0-1

[Event "Europa ch s-14"]
[Site "Herceg Novi MNT"]
[Date "2008.09.16"]
[Round "2.19"]
[White "Havas, Janko"]
[Black "De Filomeno, Simone"]
[Result "1/2-1/2"]
[WhiteElo "1930"]
[BlackElo "2102"]
[PlyCount "102"]
[EventDate "2008.09.15"]
[EventType "swiss"]
[EventRounds "9"]
[Source "lmi"]
[SourceDate "2008.09.15"]

1. d4 Nf6 2. c4 d6 3. Nc3 g6 4. e4 Bg7 5. f3 O-O 6. Be3 a6 7. Qd2 Nbd7 8. O-O-O
c6 9. Kb1 b5 10. h4 Nb6 11. Qc2 bxc4 12. Ka1 d5 13. e5 Nh5 14. Nge2 f5 15. g3
a5 16. Rg1 f4 17. Nxf4 Nxf4 18. Bxf4 e6 19. Qd2 c5 20. dxc5 Nd7 21. Bxc4 Nxc5
22. Nxd5 exd5 23. Bxd5+ Be6 24. Bxa8 Qxd2 25. Rxd2 Rxa8 26. Be3 Bf8 27. Rc1 Na6
28. Rc6 Bf5 29. g4 Nb4 30. Rc1 Be6 31. a3 Nd5 32. Bc5 Bh6 33. g5 Bg7 34. Bd6
Ne3 35. Rd4 Nf5 36. Rf4 Ra6 37. Bc7 Kf7 38. Ra4 Bd7 39. Rxa5 Rxa5 40. Bxa5 Bxe5
41. Bc7 Bd4 42. Ba5 Ke6 43. Rh1 Bc6 44. Rh3 Be3 45. Bc3 Kd5 46. b3 Be8 47. Ka2
Bf2 48. Rh2 Bxh4 49. Rd2+ Kc6 50. f4 Bg3 51. Be5 Bf7 1/2-1/2

[Event "Europa ch s-14"]
[Site "Herceg Novi MNT"]
[Date "2008.09.16"]
[Round "2.22"]
[White "Stoyanov, Ivaylo"]
[Black "Fedoseev, Vladimir"]
[Result "0-1"]
[WhiteElo "1978"]
[BlackElo "2321"]
[PlyCount "106"]
[EventDate "2008.09.15"]
[EventType "swiss"]
[EventRounds "9"]
[Source "lmi"]
[SourceDate "2008.09.15"]

1. e4 c5 2. Nf3 d6 3. d4 Nf6 4. Nc3 cxd4 5. Nxd4 a6 6. g3 Bg4 7. f3 Bd7 8. Bg2
Nc6 9. Be3 Rc8 10. Nde2 Ne5 11. b3 g6 12. O-O Bg7 13. Nd5 Nxd5 14. exd5 O-O 15.
h3 Be8 16. f4 Nd7 17. Bd4 Nf6 18. a4 Qc7 19. c4 Nd7 20. Bxg7 Kxg7 21. Nd4 Nc5
22. Qf3 Qb6 23. a5 Qd8 24. Rfe1 Bd7 25. Qe3 Re8 26. b4 Na4 27. Qb3 Qc7 28. Rec1
b5 29. cxb5 Qxc1+ 30. Rxc1 Rxc1+ 31. Kh2 Bxb5 32. Nxb5 axb5 33. Qe3 Rc4 34. Qa7
Rxb4 35. Qd7 Kf8 36. Bf1 Nc5 37. Qc6 Rb2+ 38. Kg1 Rb8 39. a6 Ra2 40. Bxb5 Nxa6
41. Bxa6 Rb1+ 42. Bf1 Raa1 43. Qc8+ Kg7 44. Qc7 Rxf1+ 45. Kg2 Rfc1 46. Qxe7
Rc2+ 47. Kf3 Ra3+ 48. Kg4 Rcc3 49. Qe1 Rxg3+ 50. Qxg3 Rxg3+ 51. Kxg3 Kf6 52.
Kg4 h6 53. h4 h5+ 0-1

[Event "Europa ch s-14"]
[Site "Herceg Novi MNT"]
[Date "2008.09.16"]
[Round "2.23"]
[White "Rindlisbacher, Jan"]
[Black "Dragun, Kamil"]
[Result "0-1"]
[WhiteElo "1999"]
[BlackElo "2240"]
[PlyCount "106"]
[EventDate "2008.09.15"]
[EventType "swiss"]
[EventRounds "9"]
[Source "lmi"]
[SourceDate "2008.09.15"]

1. d4 Nf6 2. c4 c5 3. d5 b5 4. cxb5 a6 5. b6 d6 6. Nc3 Nbd7 7. a4 a5 8. e4 g6
9. Nf3 Bg7 10. Be2 O-O 11. O-O Nxb6 12. Bf4 Ne8 13. Qd2 Bg4 14. h3 Bxf3 15.
Bxf3 Nc4 16. Qc2 Rb8 17. b3 Ne5 18. Be2 f5 19. exf5 gxf5 20. Rae1 Kh8 21. Nb5
Nc7 22. Nxc7 Qxc7 23. Bb5 Ng6 24. Bg5 Qb7 25. Qd2 f4 26. Qxa5 Qxd5 27. Bxe7
Nxe7 28. Rxe7 Bf6 29. Bc4 Qf5 30. Ree1 f3 31. Be6 Qg6 32. g3 Be5 33. Rxe5 dxe5
34. Bc4 Qd6 35. Qc3 Rbd8 36. Qe3 Qd4 37. Qg5 e4 38. Kh2 Rde8 39. Bb5 e3 40.
Bxe8 e2 41. Qe7 exf1=N+ 42. Kg1 Qg7 43. Qxc5 Rxe8 44. Qc6 Rf8 45. Qd6 Nxg3 46.
Qxg3 Qxg3+ 47. fxg3 Rb8 48. Kf2 Rxb3 49. a5 Ra3 50. a6 Kg7 51. a7 Rxa7 52. Kxf3
Kf6 53. h4 h5 0-1

[Event "Europa ch s-14"]
[Site "Herceg Novi MNT"]
[Date "2008.09.16"]
[Round "2.24"]
[White "Aperia, Jakob"]
[Black "Mokhov, Vladimir"]
[Result "0-1"]
[WhiteElo "1893"]
[BlackElo "2201"]
[PlyCount "82"]
[EventDate "2008.09.15"]
[EventType "swiss"]
[EventRounds "9"]
[Source "lmi"]
[SourceDate "2008.09.15"]

1. c4 e6 2. g3 c5 3. Bg2 Nf6 4. Nf3 Nc6 5. O-O d5 6. cxd5 exd5 7. d4 Be6 8. Nc3
h6 9. a3 Be7 10. dxc5 Bxc5 11. b4 Bb6 12. Bb2 O-O 13. Na4 Ne4 14. b5 Na5 15.
Nxb6 Qxb6 16. Qd4 Qxd4 17. Bxd4 Nb3 18. Rad1 Rfc8 19. Rd3 Na5 20. Ba1 a6 21.
Nd4 Nd6 22. bxa6 Rxa6 23. f4 g6 24. Bc3 Nc6 25. Nxc6 bxc6 26. Be5 Nc4 27. e4
dxe4 28. Bxe4 Nxe5 29. fxe5 Bc4 30. e6 fxe6 31. Bxg6 Bxd3 32. Bxd3 Rxa3 33. Bc4
Re3 34. Rf6 Kg7 35. Rxe6 Rxe6 36. Bxe6 Rf8 37. g4 Kf6 38. Bd7 c5 39. h4 c4 40.
Ba4 Ra8 41. Bc2 Ra2 0-1

[Event "Europa ch s-14"]
[Site "Herceg Novi MNT"]
[Date "2008.09.16"]
[Round "2.25"]
[White "Galopoulos, Panagiotis"]
[Black "Lukovic, Vladimir"]
[Result "0-1"]
[WhiteElo "2200"]
[BlackElo "1999"]
[PlyCount "62"]
[EventDate "2008.09.15"]
[EventType "swiss"]
[EventRounds "9"]
[Source "lmi"]
[SourceDate "2008.09.15"]

1. e4 e5 2. Nf3 Nc6 3. Bb5 a6 4. Ba4 Nf6 5. O-O Be7 6. Re1 b5 7. Bb3 d6 8. c3
O-O 9. h3 Na5 10. Bc2 d5 11. exd5 e4 12. Ng5 Nxd5 13. Nxe4 f5 14. Ng3 f4 15.
Ne4 f3 16. d4 fxg2 17. Qh5 g6 18. Qh6 Bf5 19. Ng5 Bxg5 20. Bxg5 Qd7 21. Be4
Bxe4 22. Rxe4 Rf3 23. Kxg2 Raf8 24. Re2 Qf5 25. Qh4 Nf4+ 26. Bxf4 Rxf4 27. Qg3
Rf3 28. Qe5 Rxf2+ 29. Kg1 Rf1+ 30. Kh2 Rh1+ 31. Kxh1 Qxh3+ 0-1

[Event "Europa ch s-14"]
[Site "Herceg Novi MNT"]
[Date "2008.09.16"]
[Round "2.26"]
[White "Sanchez Ibern, Marc"]
[Black "Siclovan, Cristian-Danut"]
[Result "1-0"]
[WhiteElo "2161"]
[BlackElo "1946"]
[PlyCount "43"]
[EventDate "2008.09.15"]
[EventType "swiss"]
[EventRounds "9"]
[Source "lmi"]
[SourceDate "2008.09.15"]

1. e4 e6 2. d4 d5 3. Nc3 Bb4 4. e5 c5 5. Bd2 Nc6 6. Nb5 Bxd2+ 7. Qxd2 cxd4 8.
f4 f6 9. Nf3 a6 10. Nd6+ Kf8 11. Bd3 Nh6 12. O-O-O Nf7 13. Nxf7 Kxf7 14. g4 Bd7
15. Rhf1 Qe7 16. Rde1 Qb4 17. Qf2 Raf8 18. f5 Re8 19. fxe6+ Bxe6 20. exf6 Bxg4
21. Ng5+ Kf8 22. fxg7+ 1-0

[Event "Europa ch s-14"]
[Site "Herceg Novi MNT"]
[Date "2008.09.16"]
[Round "2.27"]
[White "Baboyan, Eduard"]
[Black "Bernotas, Arturs"]
[Result "1-0"]
[WhiteElo "2125"]
[BlackElo "1911"]
[PlyCount "66"]
[EventDate "2008.09.15"]
[EventType "swiss"]
[EventRounds "9"]
[Source "lmi"]
[SourceDate "2008.09.15"]

1. d4 d5 2. Nf3 Nf6 3. c4 e6 4. Nc3 Nbd7 5. Qc2 c6 6. e3 Bd6 7. g4 h6 8. Rg1
dxc4 9. Bxc4 b5 10. Bd3 Bb7 11. Ne4 Nxe4 12. Bxe4 Qc7 13. h4 O-O-O 14. Bd2 Kb8
15. Rc1 Nf6 16. Bd3 c5 17. Be2 cxd4 18. Qb3 Qb6 19. Nxd4 a6 20. Bf3 Bxf3 21.
Nxf3 Ne4 22. Bc3 Nxc3 23. Rxc3 Rc8 24. Ke2 b4 25. Rd3 Rc7 26. Rgd1 Be7 27. a4
Qc5 28. R1d2 Rhc8 29. h5 Bf6 30. Nd4 Bxd4 31. Rxd4 a5 32. Qd3 Kb7 33. b3 Qc3
1-0

[Event "Europa ch s-14"]
[Site "Herceg Novi MNT"]
[Date "2008.09.16"]
[Round "2.30"]
[White "Beijerinck, Nick"]
[Black "Hobber, Anders"]
[Result "0-1"]
[WhiteElo "2106"]
[BlackElo "2012"]
[PlyCount "32"]
[EventDate "2008.09.15"]
[EventType "swiss"]
[EventRounds "9"]
[Source "lmi"]
[SourceDate "2008.09.15"]

1. e4 e6 2. d4 d5 3. Nc3 dxe4 4. Nxe4 Nd7 5. Nf3 Ngf6 6. Bd3 c5 7. dxc5 Nxc5 8.
Nxc5 Bxc5 9. Qe2 Bd7 10. Bd2 O-O 11. O-O-O Qb6 12. Kb1 Bc6 13. Qe5 Bxf3 14. Bc3
Bxd1 15. Rxd1 Rfd8 16. Qg5 Bd4 0-1